00733nam a22001457a 4500008004100000020001500041050001500056100002100071245009400092260006400186300001800250505027200268650003100540650001600571121129t xxu||||| |||| 00| 0 eng d a0889362949 aLA1292.F58 aFlores, Pedro V. aEducational innovation in the Philippines: A study of project impact. /cPedro V. Flores. aCanada:bInternational Development Research Centre,c1981. a87 p.:c24cm. aContents: Project impact in the Philippines -- A Response to Southeast Asian priorities in education -- Preparatory strategies -- Implementation: Progress, problems and potentials -- Administrative and technical support -- Evaluation -- Dissemination and utilization. aEducation, v Philippines. aElementary